00722cam a22002414a 4500001000800000005001700008008004100025010001700066020001500083040001800098041000800116042000800124080001200132082001600144100000700160101000800167245009000175246003000265906004500295942001200340999001700352952011100369168608120180316043129.0990507s2000 njua 001 0 eng  a 99030064  a0130819220 aDLCcDLCdDLC aeng apcc a579 MAD00a579 MAD2211 a11 aBIO10aBrock biology of microorganisms /cMichael T. Madigan, John M. Martinko, Jack Parker.30aBiology of microorganisms a7bcbccorignewd1eocipf19gy-gencatlg 2ddccBK c45195d45195 00102udc40708PËKGa002b002cPËKGd2018-03-16l0o579 MADp002-3001640r2018-03-16w2018-03-16yBK